000 00635nam a2200205Ii 4500
003 JO-AjNU
008 230605s9999||||xx |||||||||||||| ||und||
040 _aJO-AjNU
_bara
_erda
_cJO-AjNU
041 _aara
050 1 4 _aQA123 1988
100 3 _aبروان، فنسون ؛ ترجمه اميل شنوردة دميان ,
_eauthor
_936055
245 0 0 _aالعلوم الخفية
250 _aط2
264 3 1 _aمصر: دار المعارف، 1988
300 _a162ص
336 _atext
_btxt
_2rdacontent
337 _aunmediated
_bn
_2rdamedia
338 _avolume
_bnc
_2rdacarrier
650 4 _aالعلوم الخفية
_936056
999 _aA14945
_c18513
_d18513